[Event "Montreal-ch op"]
[Site "Montreal"]
[Date "2015.09.12"]
[Round "3"]
[White "Hamilton, Robert"]
[Black "Fan, Run Kun"]
[Result "1-0"]
[WhiteElo "2171"]
[BlackElo "1812"]
[PlyCount "75"]
[EventDate "2015.09.11"]
[EventType "swiss"]
[EventRounds "5"]
[EventCountry "CAN"]
[SourceTitle "EXT 2016"]
[Source "ChessBase"]
[SourceDate "2015.10.08"]
[SourceVersion "1"]
[SourceVersionDate "2015.10.08"]
[SourceQuality "1"]

1. d4 d5 2. c4 c6 3. Nf3 e6 4. e3 Nf6 5. Nc3 Nbd7 6. b3 Bd6 7. Be2 0-0 8. 0-0 b6 9. Qc2 Bb7 10. e4 dxe4 11. Nxe4 Nxe4 12. Qxe4 Nf6 13. Qh4 c5 14. Bb2 Ne4 15. Qg4 Nf6 16. Qh3 Be4 17. dxc5 Bxc5 18. Rad1 Qe7 19. Qh4 Bf5 20. Ne5 Ne4 21. Qf4 Qg5 22. Qxg5 Nxg5 23. Nd7 Rfd8 24. Nxc5 bxc5 25. h4 Ne4 26. g4 Nd2 27. gxf5 Nxf1 28. Kxf1 exf5 29. Rxd8+ Rxd8 30. Bc1 f6 31. Be3 Re8 32. Bf3 Kf7 33. Ke2 Ke6 34. Bf4 Rd8 35. Bd5+ Kd7 36. Kd3 Re8 37. Be3 Kd6 38. a3 1-0

[Event "CAN-ch"]
[Site "Guelph"]
[Date "2015.07.13"]
[Round "6"]
[White "Zhou, Qiyu"]
[Black "Hamilton, Robert"]
[Result "0-1"]
[WhiteElo "2125"]
[BlackElo "2187"]
[PlyCount "146"]
[EventDate "2015.07.10"]
[EventType "swiss"]
[EventRounds "9"]
[EventCountry "CAN"]
[SourceTitle "CBM 167 Extra"]
[Source "ChessBase"]
[SourceDate "2015.09.14"]
[SourceVersion "1"]
[SourceVersionDate "2015.09.14"]
[SourceQuality "1"]

1. d4 d5 2. Nf3 Nf6 3. e3 c5 4. b3 Nc6 5. Bb2 Bg4 6. Be2 e6 7. 0-0 Rc8 8. Nbd2 cxd4 9. exd4 Be7 10. c4 0-0 11. Rc1 dxc4 12. bxc4 Qa5 13. a3 Rfd8 14. h3 Bf5 15. Qb3 Ne4 16. Nxe4 Bxe4 17. Rfd1 Bf6 18. Bc3 Qf5 19. Qb2 Rd7 20. Ne5 Nxe5 21. dxe5 Rxd1+ 22. Rxd1 Bh4 23. f3 Bc6 24. Rd4 Bg3 25. Qd2 Qb1+ 26. Bf1 h5 27. Rd8+ Rxd8 28. Qxd8+ Kh7 29. Qd4 a6 30. Bd2 g6 31. Bb4 Qc2 32. f4 h4 33. Bd2 Qd1 34. Qd6 Bh2+ 35. Kf2 Qc2 36. Qd3 Qa2 37. Be2 Qa1 38. Bf1 Qb2 39. Be2 Bg3+ 40. Kg1 b5 41. Qe3 Qb1+ 42. Bc1 bxc4 43. Bxc4 Qc2 44. Be2 Bb5 45. Bxb5 axb5 46. Qd2 Qc4 47. Qe3 Qc2 48. Qd2 Qxd2 49. Bxd2 g5 50. fxg5 Kg6 51. Kf1 Bxe5 52. Ke2 Bd6 53. Bc1 Be7 54. Kd3 Bxg5 55. Bxg5 Kxg5 56. Kd4 Kf4 57. Kc5 e5 58. Kxb5 e4 59. Kc4 Ke5 60. a4 Kd6 61. Kd4 f5 62. a5 Kc6 63. Ke3 Kb5 64. Kf4 Kxa5 65. g3 hxg3 66. Kxg3 Kb4 67. h4 Kc3 68. Kf4 Kd3 69. h5 e3 70. h6 e2 71. h7 e1Q 72. h8Q Qe4+ 73. Kg5 Qg4+ 0-1

[Event "Quebec-ch op"]
[Site "Montreal"]
[Date "2013.07.21"]
[Round "2"]
[White "Hamilton, Robert"]
[Black "Rozentalis, Eduardas"]
[Result "0-1"]
[WhiteElo "2251"]
[BlackElo "2619"]
[PlyCount "106"]
[EventDate "2013.07.21"]
[EventType "swiss"]
[EventRounds "9"]
[EventCountry "CAN"]
[SourceTitle "EXT 2014"]
[Source "ChessBase"]
[SourceDate "2013.11.20"]
[SourceVersion "1"]
[SourceVersionDate "2013.11.20"]
[SourceQuality "1"]

1. d4 Nf6 2. c4 e6 3. Nf3 Nc6 4. Nc3 Bb4 5. Qc2 d6 6. Bg5 h6 7. Bxf6 Qxf6 8. a3 Bxc3+ 9. Qxc3 e5 10. dxe5 dxe5 11. e3 0-0 12. Bd3 Bh3 13. 0-0 Qe6 14. Nd2 Bf5 15. Ne4 Qg6 16. f3 h5 17. Rad1 h4 18. Rd2 Rad8 19. Rfd1 Qh6 20. Nf2 Bxd3 21. Rxd3 Rxd3 22. Rxd3 Qe6 23. Ne4 b6 24. c5 b5 25. Qb3 Qxb3 26. Rxb3 a6 27. Kf2 Rd8 28. Ke2 f6 29. Rd3 Kf7 30. Nc3 Ke6 31. Rxd8 Nxd8 32. e4 Kd7 33. Nd5 Ne6 34. b4 Nd4+ 35. Ke3 c6 36. Nb6+ Kc7 37. g3 h3 38. f4 Nc2+ 39. Kd2 exf4 40. gxf4 g5 41. e5 g4 42. exf6 Nd4 43. f5 Kd8 44. f7 Ke7 45. Nd7 Nf3+ 46. Ke3 Kxf7 47. Kf4 Nxh2 48. Ne5+ Kf6 49. Nxc6 Nf3 50. Kg3 h2 51. Kg2 g3 52. Na7 Ne1+ 53. Kh1 Nd3 0-1

[Event "Eastern Ontario op"]
[Site "Ottawa"]
[Date "2013.06.22"]
[Round "2"]
[White "Hamilton, Robert"]
[Black "Doubleday, William G"]
[Result "1/2-1/2"]
[WhiteElo "2355"]
[BlackElo "2057"]
[PlyCount "164"]
[EventDate "2013.06.21"]
[EventType "swiss"]
[EventRounds "5"]
[EventCountry "CAN"]
[SourceTitle "EXT 2014"]
[Source "ChessBase"]
[SourceDate "2013.11.20"]
[SourceVersion "1"]
[SourceVersionDate "2013.11.20"]
[SourceQuality "1"]

1. c4 e5 2. Nc3 Nf6 3. e3 Nc6 4. Nf3 g6 5. d4 d6 6. b3 Bg7 7. Be2 0-0 8. Bb2 Re8 9. d5 Nb8 10. 0-0 a5 11. a3 Bg4 12. Ne1 Bxe2 13. Qxe2 Na6 14. e4 Qd7 15. Nd3 Nc5 16. Nxc5 dxc5 17. Rad1 Bf8 18. g3 Bd6 19. f4 Qg4 20. Rde1 Qxe2 21. Rxe2 Nd7 22. f5 f6 23. fxg6 hxg6 24. a4 Kg7 25. Nd1 Rh8 26. h4 Raf8 27. Ne3 b6 28. Rh2 Rh7 29. Kg2 Rfh8 30. Bc1 Rh5 31. Bd2 Rf8 32. g4 Rh7 33. Bc3 Rfh8 34. Be1 Rf8 35. Bg3 Rfh8 36. Rf2 Rf8 37. Rf1 Rfh8 38. Rfh1 Kf7 39. Be1 Kg7 40. Nf1 Kf7 41. Ng3 Kg7 42. Bd2 Be7 43. Be3 Kf7 44. Kf3 Kg7 45. Bf2 Bd6 46. Be1 Kf7 47. Ke2 Kg7 48. Nf1 Kf7 49. Ne3 Kg7 50. Rf1 Rf8 51. Rg2 Be7 52. Rf3 Kg8 53. Bg3 Bd6 54. Be1 Be7 55. Bf2 Kg7 56. Bg3 Bd6 57. Rg1 Kg8 58. Kf2 Kg7 59. Kg2 Kg8 60. Be1 Kg7 61. Rh1 Kg8 62. Nf1 Kg7 63. Bf2 Kg8 64. Be3 Be7 65. Ng3 Rff7 66. Bf2 Bd6 67. Ne2 Rf8 68. Bg3 Kg7 69. Rhf1 Kg8 70. Nc3 Kg7 71. Nb5 Rhh8 72. R1f2 Rhg8 73. Na7 Nb8 74. Rf1 Rh8 75. Be1 Be7 76. Rh1 Bd6 77. Bd2 Be7 78. Kg3 Kg8 79. Rhf1 Kg7 80. Nb5 Na6 81. R1f2 Rhg8 82. Be3 Bd6 1/2-1/2

[Event "Eastern Ontario op"]
[Site "Ottawa"]
[Date "2013.06.21"]
[Round "1"]
[White "Yu, Wenlu"]
[Black "Hamilton, Robert"]
[Result "0-1"]
[WhiteElo "2079"]
[BlackElo "2355"]
[PlyCount "66"]
[EventDate "2013.06.21"]
[EventType "swiss"]
[EventRounds "5"]
[EventCountry "CAN"]
[SourceTitle "EXT 2014"]
[Source "ChessBase"]
[SourceDate "2013.11.20"]
[SourceVersion "1"]
[SourceVersionDate "2013.11.20"]
[SourceQuality "1"]

1. e4 c5 2. Nf3 e6 3. d4 cxd4 4. Nxd4 a6 5. Bd3 Bc5 6. Nb3 Be7 7. 0-0 d6 8. Kh1 Nf6 9. f4 Nbd7 10. Be3 Qc7 11. N1d2 b6 12. Bd4 Bb7 13. Qe2 e5 14. Be3 0-0 15. f5 d5 16. Bg5 Rfe8 17. Bxf6 Nxf6 18. Rae1 dxe4 19. Nxe4 Nd5 20. f6 Nxf6 21. Nxf6+ Bxf6 22. Rxf6 gxf6 23. Qg4+ Kf8 24. Bxh7 Rad8 25. c3 Bc8 26. Qg3 Be6 27. Nd4 Qd6 28. Nc2 Ke7 29. Nb4 a5 30. Nc2 Rh8 31. Qg7 Qd2 32. h4 Qf2 33. Qh6 Rd2 0-1

[Event "Gatineau TORO"]
[Site "Gatineau"]
[Date "2013.06.07"]
[Round "1"]
[White "Hamilton, Robert"]
[Black "Doubleday, William G"]
[Result "1-0"]
[WhiteElo "2305"]
[BlackElo "2065"]
[PlyCount "57"]
[EventDate "2013.06.07"]
[EventType "swiss"]
[EventRounds "5"]
[EventCountry "CAN"]
[SourceTitle "EXT 2022"]
[Source "ChessBase"]
[SourceDate "2021.10.06"]
[SourceVersion "1"]
[SourceVersionDate "2021.10.06"]
[SourceQuality "1"]

1. d4 d5 2. c4 c6 3. Nf3 Nf6 4. Qb3 e6 5. Nc3 Qb6 6. c5 Qxb3 7. axb3 Nbd7 8. Bf4 Be7 9. b4 b5 10. e3 0-0 11. Be2 Ne8 12. Nd2 g5 13. Bg3 f5 14. f3 f4 15. Bf2 e5 16. Nb3 exd4 17. exd4 Ndf6 18. Na5 Bd7 19. 0-0 Bd8 20. Nb7 Bc7 21. Na2 Ng7 22. Nc1 Rae8 23. Bd3 Nf5 24. Bxf5 Bxf5 25. Re1 Kf7 26. Ra6 Bd7 27. Nd3 Rxe1+ 28. Bxe1 Ne8 29. Ne5+ 1-0

[Event "Quebec Carnaval"]
[Site "Quebec"]
[Date "2013.02.17"]
[Round "4"]
[White "Kovalyov, Anton"]
[Black "Hamilton, Robert"]
[Result "1-0"]
[WhiteElo "2586"]
[BlackElo "2304"]
[PlyCount "59"]
[EventDate "2013.02.15"]
[EventType "swiss"]
[EventRounds "5"]
[EventCountry "CAN"]
[SourceTitle "EXT 2022"]
[Source "ChessBase"]
[SourceDate "2021.10.06"]
[SourceVersion "1"]
[SourceVersionDate "2021.10.06"]
[SourceQuality "1"]

1. c4 c6 2. d4 d5 3. Nf3 Nf6 4. e3 a6 5. Bd3 dxc4 6. Bxc4 e6 7. 0-0 c5 8. a4 Nc6 9. Qe2 cxd4 10. Rd1 Be7 11. exd4 0-0 12. Nc3 Nb4 13. Bg5 Bd7 14. Ne5 Bc6 15. Nxc6 bxc6 16. a5 Nfd5 17. Bxe7 Qxe7 18. Ne4 Rfd8 19. Nc5 Ra7 20. Ra4 Qf6 21. g3 Qf5 22. Qd2 Rb8 23. Rc1 h5 24. Bf1 e5 25. Rc4 g6 26. Raxb4 Nxb4 27. Rxb4 Rd8 28. Qc3 Rd5 29. dxe5 Ra8 30. Rf4 1-0

[Event "Ottawa RA Autumn op"]
[Site "Ottawa"]
[Date "2012.09.15"]
[Round "2"]
[White "Hamilton, Robert"]
[Black "Pacey, Kevin"]
[Result "1-0"]
[WhiteElo "2285"]
[BlackElo "2201"]
[PlyCount "87"]
[EventDate "2012.09.14"]
[EventType "swiss"]
[EventRounds "5"]
[EventCountry "CAN"]
[SourceTitle "EXT 2022"]
[Source "ChessBase"]
[SourceDate "2021.10.06"]
[SourceVersion "1"]
[SourceVersionDate "2021.10.06"]
[SourceQuality "1"]

1. d4 e6 2. c4 Nf6 3. Nc3 Bb4 4. Qc2 Nc6 5. Nf3 0-0 6. e3 d5 7. a3 Be7 8. b4 a6 9. Bb2 Re8 10. Be2 Bf8 11. 0-0 Ne7 12. Rfd1 c6 13. e4 Ng6 14. g3 Nxe4 15. Nxe4 dxe4 16. Qxe4 a5 17. Bc3 axb4 18. axb4 Bd7 19. h4 Qc7 20. Ne5 f5 21. Qe3 Nxe5 22. dxe5 Red8 23. c5 Be8 24. Bc4 Bf7 25. Rd6 Rxa1+ 26. Bxa1 Re8 27. Qd3 Bxd6 28. exd6 Qd7 29. Be5 f4 30. gxf4 Kh8 31. Qg3 Bg6 32. Qg5 Qf7 33. h5 Bxh5 34. d7 Qxd7 35. Qxh5 Rd8 36. Qh3 Qf7 37. Bd3 Qg8 38. Be4 Ra8 39. b5 Ra4 40. bxc6 bxc6 41. Qd3 Qe8 42. Bxh7 Qh5 43. Bg6 Qg4+ 44. Qg3 1-0

[Event "CAN-ch"]
[Site "Montreal"]
[Date "2012.08.05"]
[Round "2"]
[White "Oussedik, Elias"]
[Black "Hamilton, Robert"]
[Result "1/2-1/2"]
[WhiteElo "2005"]
[BlackElo "2305"]
[PlyCount "64"]
[EventDate "2012.08.04"]
[EventType "swiss"]
[EventRounds "9"]
[EventCountry "CAN"]
[SourceTitle "CBM 149 Extra"]
[Source "ChessBase"]
[SourceDate "2012.08.24"]
[SourceVersion "1"]
[SourceVersionDate "2012.08.24"]
[SourceQuality "1"]

1. Nf3 Nf6 2. c4 b6 3. g3 c5 4. Bg2 Bb7 5. Nc3 g6 6. 0-0 Bg7 7. d4 cxd4 8. Qxd4 0-0 9. Qh4 d6 10. Bh6 Nbd7 11. Rac1 Rc8 12. b3 Rc5 13. Bxg7 Kxg7 14. Rfd1 Qa8 15. Qd4 Kg8 16. Ne1 Ne5 17. Bxb7 Qxb7 18. Nd3 Nxd3 19. Rxd3 Qd7 20. Ne4 Nxe4 21. Qxe4 b5 22. b4 Rxc4 23. Rxc4 bxc4 24. Qxc4 Rc8 25. Qb3 Qg4 26. Rf3 e6 27. Qe3 Rc7 28. Rf4 Qg5 29. a4 e5 30. h4 Qh6 31. Rf3 Qxe3 32. Rxe3 Rc1+ 1/2-1/2

[Event "Quebec Carnaval"]
[Site "Quebec"]
[Date "2012.02.25"]
[Round "3"]
[White "Castellanos Rodriguez, Renier"]
[Black "Hamilton, Robert"]
[Result "1-0"]
[WhiteElo "2508"]
[BlackElo "2319"]
[PlyCount "79"]
[EventDate "2012.02.24"]
[EventType "swiss"]
[EventRounds "5"]
[EventCountry "CAN"]
[SourceTitle "EXT 2022"]
[Source "ChessBase"]
[SourceDate "2021.10.06"]
[SourceVersion "1"]
[SourceVersionDate "2021.10.06"]
[SourceQuality "1"]

1. e4 e6 2. d4 d5 3. Nd2 Be7 4. Ngf3 Nf6 5. e5 Nfd7 6. Bd3 b6 7. 0-0 Ba6 8. Ne1 c5 9. c3 Bxd3 10. Nxd3 Nc6 11. Qg4 g6 12. Nf3 c4 13. Nf4 b5 14. h4 Nb6 15. h5 Kd7 16. b3 Kc7 17. Bd2 a5 18. Rfb1 Qd7 19. Nh3 Rab8 20. Nhg5 Nd8 21. g3 h6 22. Nh3 g5 23. Nh2 cxb3 24. axb3 a4 25. Qf3 axb3 26. Rxb3 Nc4 27. Bc1 Nc6 28. Ng4 b4 29. Kg2 N6a5 30. Rbb1 b3 31. Qxf7 Qe8 32. Qg6 Kc8 33. Nxh6 b2 34. Bxb2 Rxh6 35. Qxh6 Nd2 36. Bc1 Nxb1 37. Bxg5 Nxc3 38. Rc1 Qc6 39. Bd2 Rb3 40. Nf4 1-0

[Event "Ottawa National Capital op"]
[Site "Ottawa"]
[Date "2011.12.10"]
[Round "2"]
[White "Marghetis, Aris"]
[Black "Hamilton, Robert"]
[Result "0-1"]
[WhiteElo "1980"]
[BlackElo "2344"]
[PlyCount "64"]
[EventDate "2011.12.09"]
[EventType "swiss"]
[EventRounds "5"]
[EventCountry "CAN"]
[SourceTitle "EXT 2022"]
[Source "ChessBase"]
[SourceDate "2021.10.06"]
[SourceVersion "1"]
[SourceVersionDate "2021.10.06"]
[SourceQuality "1"]

1. e4 c5 2. Nc3 e6 3. g3 Nc6 4. Bg2 g6 5. d3 Bg7 6. Be3 d6 7. f4 Nge7 8. Nf3 0-0 9. 0-0 b6 10. d4 Ba6 11. Rf2 Qc7 12. Rd2 Rfd8 13. Bf1 Bxf1 14. Qxf1 cxd4 15. Nxd4 Na5 16. Ncb5 Qb7 17. Qd3 d5 18. exd5 Nxd5 19. Bf2 Rac8 20. c3 Nc4 21. Re2 a6 22. b3 axb5 23. bxc4 Nxc3 24. Qxc3 Rxc4 25. Qb3 Bxd4 26. Qxb5 Rc5 27. Qb1 Bxa1 28. Bxc5 Qf3 29. Qxa1 Qxe2 30. Bd4 b5 31. a3 h6 32. Qc3 Qd1+ 0-1

[Event "Montreal op 91st"]
[Site "Montreal"]
[Date "2011.09.11"]
[Round "4.7"]
[White "Trottier, Emile"]
[Black "Hamilton, Robert"]
[Result "1-0"]
[WhiteElo "2090"]
[BlackElo "2301"]
[PlyCount "77"]
[EventDate "2011.09.09"]
[EventType "swiss"]
[EventRounds "5"]
[EventCountry "CAN"]
[SourceTitle "EXT 2022"]
[Source "ChessBase"]
[SourceDate "2021.10.06"]
[SourceVersion "1"]
[SourceVersionDate "2021.10.06"]
[SourceQuality "1"]

1. e4 c5 2. c3 d5 3. exd5 Qxd5 4. d4 Nc6 5. Nf3 Nf6 6. Be2 e6 7. 0-0 cxd4 8. cxd4 Be7 9. Nc3 Qd6 10. a3 0-0 11. Bd3 b6 12. Re1 Bb7 13. Be3 Rac8 14. Rc1 Rfd8 15. b4 e5 16. Bf5 Qb8 17. Bxc8 Bxc8 18. d5 Be6 19. Qa4 b5 20. Qa6 Nxd5 21. Qxc6 Rc8 22. Nxd5 Rxc6 23. Nxe7+ Kh8 24. Nxc6 Qb7 25. Nxa7 f6 26. Rc2 h6 27. Rec1 Qf7 28. Nxb5 Qg6 29. a4 Bd5 30. Ne1 f5 31. Rc5 Qf7 32. Nc7 Bb3 33. Rxe5 f4 34. Bd2 Bxa4 35. b5 Qa2 36. Bxf4 g5 37. Be3 Qb2 38. Re7 Kg8 39. Nd5 1-0

[Event "CAN-ch"]
[Site "Guelph"]
[Date "2011.05.10"]
[Round "7"]
[White "Sapozhnikov, Roman"]
[Black "Hamilton, Robert"]
[Result "0-1"]
[WhiteElo "2318"]
[BlackElo "2285"]
[PlyCount "74"]
[EventDate "2011.05.06"]
[EventType "swiss"]
[EventRounds "9"]
[EventCountry "CAN"]
[SourceTitle "CBM 142 Extra"]
[Source "ChessBase"]
[SourceDate "2011.06.27"]
[SourceVersion "1"]
[SourceVersionDate "2011.06.27"]
[SourceQuality "1"]

1. e4 e6 2. d4 d5 3. e5 c5 4. c3 Nc6 5. Nf3 Nh6 6. Na3 Nf5 7. Nc2 Nh4 8. Nxh4 Qxh4 9. Be2 cxd4 10. cxd4 Bd7 11. 0-0 f5 12. f4 Qd8 13. Be3 Rc8 14. Rc1 Qb6 15. b3 Be7 16. Bd3 h5 17. Be2 g6 18. Ne1 Qa5 19. Rc2 Kf7 20. Nd3 Nb4 21. Nxb4 Bxb4 22. Rxc8 Rxc8 23. Bxh5 Qxa2 24. Rf2 Qa3 25. g4 gxh5 26. gxf5 Rg8+ 27. Kh1 exf5 28. Qxh5+ Kf8 29. Qh6+ Ke8 30. Rc2 Qa1+ 31. Rc1 Qa2 32. Rg1 Rxg1+ 33. Kxg1 Qe2 34. Bf2 Qg4+ 35. Kh1 Bf8 36. Qf6 Qg7 37. Qh4 Be6 0-1

[Event "Toronto PWC op"]
[Site "Toronto"]
[Date "2009.04.19"]
[Round "4"]
[White "Martchenko, Alexander"]
[Black "Hamilton, Robert"]
[Result "1-0"]
[WhiteElo "2039"]
[BlackElo "2290"]
[PlyCount "68"]
[EventDate "2009.04.17"]
[EventType "swiss"]
[EventRounds "5"]
[EventCountry "CAN"]
[SourceTitle "CBM 129 Extra"]
[Source "ChessBase"]
[SourceDate "2009.05.05"]
[SourceVersion "2"]
[SourceVersionDate "2009.05.20"]
[SourceQuality "1"]

1. e4 c5 2. Nf3 e6 3. d4 cxd4 4. Nxd4 a6 5. Nc3 b5 6. Bd3 d6 7. a4 bxa4 8. Rxa4 Nd7 9. Nb3 Ngf6 10. Qe2 Qb6 11. Be3 Qb7 12. 0-0 Ne5 13. Rfa1 Nxd3 14. Qxd3 Be7 15. Na5 Qc7 16. Rc4 Qd7 17. Bb6 0-0 18. Rc7 Qe8 19. Nc6 Nd7 20. Na4 a5 21. Rd1 d5 22. exd5 Bf6 23. d6 Ne5 24. Nxe5 Qxa4 25. d7 Ba6 26. Qd6 Qb5 27. Rc5 Qb4 28. Nc6 Qxb6 29. Ne7+ Bxe7 30. Qxb6 Bxc5 31. Qxc5 Rfd8 32. Qc7 a4 33. c4 Rac8 34. dxc8Q f5 1-0

[Event "Mauricie op"]
[Site "Trois Rivieres"]
[Date "2009.03.21"]
[Round "3"]
[White "Hamilton, Robert"]
[Black "Prahov, Valentin Asenov"]
[Result "1/2-1/2"]
[WhiteElo "2349"]
[BlackElo "2220"]
[PlyCount "49"]
[EventDate "2009.03.20"]
[EventType "swiss"]
[EventRounds "5"]
[EventCountry "CAN"]
[SourceTitle "EXT 2011"]
[Source "ChessBase"]
[SourceDate "2010.11.26"]
[SourceVersion "1"]
[SourceVersionDate "2010.11.26"]
[SourceQuality "1"]

1. d4 Nf6 2. c4 g6 3. f3 d5 4. cxd5 Nxd5 5. e4 Nb6 6. Nc3 Bg7 7. Be3 0-0 8. Qd2 Nc6 9. 0-0-0 e5 10. d5 Nd4 11. Bh6 f6 12. Bxg7 Kxg7 13. Nge2 c5 14. dxc6 Nxc6 15. Qe3 Qe7 16. Nd5 Qf7 17. Nec3 Be6 18. f4 Rfd8 19. Bb5 exf4 20. Nxf4 Bxa2 21. Bxc6 bxc6 22. e5 Bc4 23. g3 Re8 24. exf6+ Qxf6 25. Qc5 1/2-1/2

[Event "Quebec Carnaval"]
[Site "Quebec"]
[Date "2009.03.01"]
[Round "5"]
[White "Hamilton, Robert"]
[Black "Hua, Lefong"]
[Result "1/2-1/2"]
[WhiteElo "2332"]
[BlackElo "2323"]
[PlyCount "108"]
[EventDate "2009.02.27"]
[EventType "swiss"]
[EventRounds "5"]
[EventCountry "CAN"]
[SourceTitle "EXT 2011"]
[Source "ChessBase"]
[SourceDate "2010.11.26"]
[SourceVersion "1"]
[SourceVersionDate "2010.11.26"]
[SourceQuality "1"]

1. d4 Nf6 2. c4 c5 3. d5 e6 4. Nc3 exd5 5. cxd5 d6 6. Nf3 g6 7. Bf4 a6 8. e4 Bg4 9. Qa4+ Nbd7 10. Nd2 b5 11. Qc2 Nh5 12. Be3 Nb6 13. a4 b4 14. Nd1 Bg7 15. f3 Bd7 16. a5 Nc8 17. Bd3 0-0 18. g4 Nf6 19. 0-0 Ne8 20. Nc4 Nc7 21. Bf4 Nb5 22. Qg2 Re8 23. Nde3 Qf6 24. Bg3 Nd4 25. f4 Bb5 26. Rad1 Qd8 27. g5 Nb3 28. e5 Nxa5 29. Nxa5 Qxa5 30. f5 Bxd3 31. Rxd3 c4 32. Nxc4 Qc5+ 33. Qf2 Qxc4 34. fxg6 Rf8 35. gxf7+ Kh8 36. Qe3 Ne7 37. e6 Nxd5 38. Qf3 Ne7 39. Rxd6 Qc5+ 40. Kh1 Qxg5 41. Rd7 Rad8 42. h4 Qc5 43. Bd6 Qxd6 44. Rxd6 Rxd6 45. Re1 Bxb2 46. Qb7 Bf6 47. Qxb4 Rd4 48. Qa3 Rxh4+ 49. Kg2 Rg4+ 50. Kf3 Rg5 51. Re4 Ng6 52. Qxa6 Ne5+ 53. Ke2 Nxf7 54. exf7 Rg2+ 1/2-1/2

[Event "Quebec Carnaval"]
[Site "Quebec"]
[Date "2009.03.01"]
[Round "4"]
[White "Rainfray, Arnaud"]
[Black "Hamilton, Robert"]
[Result "0-1"]
[WhiteElo "2387"]
[BlackElo "2332"]
[PlyCount "66"]
[EventDate "2009.02.27"]
[EventType "swiss"]
[EventRounds "5"]
[EventCountry "CAN"]
[SourceTitle "EXT 2011"]
[Source "ChessBase"]
[SourceDate "2010.11.26"]
[SourceVersion "1"]
[SourceVersionDate "2010.11.26"]
[SourceQuality "1"]

1. e4 e6 2. d4 d5 3. Nd2 Nf6 4. e5 Nfd7 5. Bd3 c5 6. c3 Nc6 7. Ne2 cxd4 8. cxd4 Qb6 9. Nf3 f6 10. exf6 Nxf6 11. 0-0 Bd6 12. Nc3 0-0 13. Bg5 Bd7 14. Na4 Qc7 15. Rc1 Rae8 16. Nc5 Bc8 17. Bb1 Qf7 18. Nd3 Ne4 19. Bh4 Qh5 20. Bg3 Nxg3 21. fxg3 Rf6 22. Qd2 Bc7 23. Nf4 Qh6 24. Kh1 Bxf4 25. gxf4 Rxf4 26. Qd3 Ref8 27. Rcd1 Bd7 28. Qe2 Be8 29. Rd3 Bh5 30. Qe3 Nxd4 31. Rxd4 Rxf3 32. Bxh7+ Kh8 33. Rxf3 Qxe3 0-1